000 00317nam a2200109 4500
245 _aSpenser,s images of life
_cC. S. Lewis;edited by Alastair Fowler
100 _aLewis, C. S.
710 _aFowler, Alastair
260 _aCambridge
_bCambridge University Press
_c1967
300 _aix,143p.; 20cm.
082 _a821.3
_bSPE/LEW
999 _c994
_d994